Vztah CSR a finančního výkonu firmy

Problematika dodávateľsko-odberatiľských vzťahov a vymedzenie pojmu CSR. Vzťah CSR a finančného výkonu firmy. CSR a coroprate governance. CSR ako podnikateľská príležitosť.

Uložené v:
Podrobná bibliografia
Hlavný autor: Mokrejšová, Veronika
Médium: Kapitola
Jazyk:Czech
Predmet:
Tagy: Pridať tag
Žiadne tagy, Buďte prvý, kto otaguje tento záznam!

MARC

LEADER 00000naa a2200000 4500
001 0191163
005 20220713130941.8
041 0 |a cze 
044 |a CZ 
245 1 0 |a Vztah CSR a finančního výkonu firmy  |c Veronika Mokrejšová 
520 |a Problematika dodávateľsko-odberatiľských vzťahov a vymedzenie pojmu CSR. Vzťah CSR a finančného výkonu firmy. CSR a coroprate governance. CSR ako podnikateľská príležitosť. 
610 2 0 |a vzťahy dodávateľsko-odberateľské 
610 2 0 |a zodpovednosť spoločenská 
610 2 0 |a správa podniku 
610 2 0 |a výkonnosť podniku 
610 2 0 |a podnikanie zodpovedné 
100 1 |a Mokrejšová, Veronika